LEADER 01229nam--2200385---450- 001 990002442380203316 005 20050622123625.0 035 $a000244238 035 $aUSA01000244238 035 $a(ALEPH)000244238USA01 035 $a000244238 100 $a20050622d198990--km-y0itay0103----ba 101 $aita 102 $aIT 105 $a||||||||001yy 200 1 $aAnalisi dei parametri tecnici ed economici della flotta da pesca campana$eipotesi di razionalizzazione del settore$fandidato Elda buongiorno$grelatore Nicola Postiglione 210 $a[S. l.$cs. n.]$danno accademico 1989 - 90 215 $a160 p.$d30 cm 300 $aTesi di laurea 410 0$12001 454 1$12001 461 1$1001-------$12001 606 0 $aPesca$yCampania 676 $a338.3727 700 1$aBUONGIORNO,$bElda$0573330 702 1$aPOSTIGLIONE,$bNicola 712 01$aUniversità degli studi $b: facoltà di economia e commercio 801 0$aIT$bsalbc$gISBD 912 $a990002442380203316 951 $aX 1 71 959 $aBK 969 $aDSSS 979 $aDSSS$b10$c20050622$lUSA01$h1236 996 $aAnalisi dei parametri tecnici ed economici della flotta da pesca campana$91056079 997 $aUNISA LEADER 03006nam 22006855 450 001 9910522566803321 005 20250626165058.0 010 $a3-030-92388-6 024 7 $a10.1007/978-3-030-92388-4 035 $a(MiAaPQ)EBC6882575 035 $a(Au-PeEL)EBL6882575 035 $a(CKB)21069025900041 035 $a(PPN)260829080 035 $a(DE-He213)978-3-030-92388-4 035 $a(EXLCZ)9921069025900041 100 $a20220204d2022 u| 0 101 0 $aeng 135 $aurcnu|||||||| 181 $ctxt$2rdacontent 182 $cc$2rdamedia 183 $acr$2rdacarrier 200 10$a12th International Symposium on High-Temperature Metallurgical Processing /$fedited by Zhiwei Peng, Jiann-Yang Hwang, Jesse F. White, Jerome P. Downey, Dean Gregurek, Baojun Zhao, Onuralp Yücel, Ender Keskinkilic, Tao Jiang, Morsi Mohamed Mahmoud 205 $a1st ed. 2022. 210 1$aCham :$cSpringer International Publishing :$cImprint: Springer,$d2022. 215 $a1 online resource (642 pages) 225 1 $aThe Minerals, Metals & Materials Series,$x2367-1696 300 $aIncludes indexes. 311 08$aPrint version: Peng, Zhiwei 12th International Symposium on High-Temperature Metallurgical Processing Cham : Springer International Publishing AG,c2022 9783030923877 330 $aThis collection includes the analysis, development, and operation of high-temperature processes that involve the extraction and processing of material resources, production, and treatment of metals, alloys, and ceramic materials. Contributions describe innovative methods for achieving property enhancement, impurity segregation and removal, byproduct recovery, waste minimization, energy efficiency, and utilization of complex ores. Also included are various technical, economic, and environmental issues associated with commercial-scale high-temperature processing methods. 410 0$aThe Minerals, Metals & Materials Series,$x2367-1696 606 $aMetals 606 $aMaterials 606 $aProduction engineering 606 $aMaterials$xAnalysis 606 $aHigh temperature plasmas 606 $aMetals and Alloys 606 $aMaterials Engineering 606 $aProcess Engineering 606 $aMaterials Characterization Technique 606 $aHigh Temperature Plasma 615 0$aMetals. 615 0$aMaterials. 615 0$aProduction engineering. 615 0$aMaterials$xAnalysis. 615 0$aHigh temperature plasmas. 615 14$aMetals and Alloys. 615 24$aMaterials Engineering. 615 24$aProcess Engineering. 615 24$aMaterials Characterization Technique. 615 24$aHigh Temperature Plasma. 676 $a620.11217 676 $a620.1617 702 $aPeng$b Zhiwei 801 0$bMiAaPQ 801 1$bMiAaPQ 801 2$bMiAaPQ 906 $aBOOK 912 $a9910522566803321 996 $a12th International Symposium on High-Temperature Metallurgical Processing$92918536 997 $aUNINA